00282nam a22000857a 4500008004100000082001600041110003400057245009600091300000900187230606b xxu||||| |||| 00| 0 eng d a342.02bNAK bNational Assembly of Pakistan aThe Constitution of the Islamic Republic of PakistanbAs modified upto the 7th january 2015 a216p